zpět

Detail výsledku týmu

Starobělská hospoda, Ostrava

Datum a čas kvízu

27.5 Celkem bodů Celkový počet nahraných bodů na tomto kvízu bez doplňovacích otázek.
7. Pořadí na kvízu Konečné umístění týmu na tomto kvízu.

Zaznamenané odpovědi

# Otázka Odpověď Body Výsledky
1. Jeden z ministrů české vlády m... Oto Klempíř 0
2. Že USA společně s Izraelem zaú... C 1
3. Do Prahy zavítal na natáčení 5... Leonardo DiCaprio; Martin Scorsese 0.5
4. V pátek byla oznámena fúze dvo... Paramount (Skydance), Warner Bros. (Discovery) 0
5. Jak se jmenuje fotbalista, kte... Vladimír Darida 0
6. Zatímco v českých atlasech ten... Iberové 0
7. Vyberte správné tvrzení týkají... B 1
8. Červeně vyznačená oblast na se... Baskicko, Bilbao 0.5
9. Jak se jmenuje portugalský mys... C 0
10. Poslední otázka se týká města... Porto 1